000 00275nam a2200121 i 4500
001 bg
245 0 _aVycislitel'naja i Prikladnaja Matematika. Vyp.44.
260 _aKiew,
_c1981.
040 _cBPK
041 _apol
942 _cKS
008 s pl f |000 0 pol
999 _c9436
_d9436